| 000 | 00411nam a2200145Ia 4500 | ||
|---|---|---|---|
| 005 | 20251222152031.0 | ||
| 008 | 251222s9999||||xx |||||||||||||| ||spa|| | ||
| 020 | _a97869051566 | ||
| 082 | _a634.334/C12 | ||
| 100 | _aCaballer Mellano,Vicente | ||
| 245 | 0 | _aLas Claves de la Citricultura Valenciana | |
| 250 | _a1ra.ed. | ||
| 264 | _bFundación para la Promoción de la Ingeniería Agronómica | ||
| 942 | _cLIB | ||
| 999 |
_c25685 _d25685 |
||